LEADER 01027nam a2200217 i 4500 001 000000043951 003 CaOOAMICUS 005 20251126101618.0 008 101119s1995 it u000 u ita u 040 $aSeMil$bita 245 03$aUn pastore e il suo gregge :$bomaggio a monsignor Luigi Gandini per il giubileo sacerdotale (1945-1995) /$ca cura di Franco Cajani. 264 1$aBesana Brianza :$bGR Edizioni,$c1995. 300 $a243 p. :$bill. ;$c24 cm. 600 14$aGandini, Luigi .$0(OLS)http://semarc/subject/9404 700 1 $aCajani, Franco,$d<1943- >.$0(OLS)http://semarc/name/7141 850 $aSeMil 852 $aSeMil$W1$xVenegono$y1$m3F V 782$j264834$B10106$CSeMilBibl$Z2$F10106 $81 961 $aOmaggio: Rimoldi mons. Antonio 996 $6245$aUn pastore e il suo gregge :$bomaggio a monsignor Luigi Gandini per il giubileo sacerdotale (1945-1995)$9(OLS)http://semarc/title/64776 996 $6264$aBesana Brianza :$bGR Edizioni$9(OLS)http://semarc/publisher/34133 LEADER 01118nam a2200253 i 4500 001 000000090287 003 CaOOAMICUS 005 20230210145526.0 008 160304s1842 xxk u000 u eng u 013 $a62529 040 $aSeMil$bita 110 2 $aChurch of England.$0(OLS)http://semarc/name/40572 245 12$aA new version of the Psalms of David :$bfitted to the tunes used in churches /$cby N. Tate, and N. Brady. 260 $aLondon :$bJ. J. Chidley,$c1842. 300 $a83 p. ;$c13 cm. 500 $aLegato con 2ZA-X-14 FA. 650 4$aBibbia - AT - Salmi - Traduzioni inglesi.$0(OLS)http://semarc/subject/16520 700 1 $aBrady, Nicholas,$d<1659-1726>.$0(OLS)http://semarc/name/40574 700 1 $aTate, Nahum,$d<1652-1715>.$0(OLS)http://semarc/name/40573 850 $aSeMil 852 $aSeMil$W1$xVenegono$y1$m2ZA X 15 FA$j53255$B53255$CSeMilBibl$Z2$F57888 $8I 996 $6245$aA new version of the Psalms of David :$bfitted to the tunes used in churches$9(OLS)http://semarc/title/136197 996 $6260$aLondon :$bJ. J. Chidley$9(OLS)http://semarc/publisher/43563